| 000 | 00490nam a2200169Ia 4500 | ||
|---|---|---|---|
| 999 |
_c38716 _d38716 |
||
| 003 | GCL | ||
| 005 | 20240530103340.0 | ||
| 008 | 140319s9999 xx 000 0 ara d | ||
| 040 |
_aGCL / _cGCL |
||
| 082 | 0 | 4 |
_a370.15 _bر ت |
| 100 | 1 | _aرمزية الغريب | |
| 245 | 1 | 0 |
_aالتعلم: دراسة نفسية - تفسيرية - توجيهية / _cرمزية الغريب |
| 300 | _a520 ص | ||
| 650 | 0 | 4 | _aعلم النفس التربوى |
| 650 | 0 | 4 | _aالتعلم |
| 942 |
_2ddc _cBK |
||